Definitive Guide To MongoDB (Record no. 344871)

MARC details
000 -LEADER
fixed length control field 00560nam a2200181Ia 4500
008 - FIXED-LENGTH DATA ELEMENTS--GENERAL INFORMATION
fixed length control field 230718s9999 xx 000 0 und d
020 ## - INTERNATIONAL STANDARD BOOK NUMBER
International Standard Book Number 9788132230489
041 ## - LANGUAGE CODE
Language code of text/sound track or separate title eng
082 ## - DEWEY DECIMAL CLASSIFICATION NUMBER
Classification number 005.7565
Item number HOW
100 ## - MAIN ENTRY--PERSONAL NAME
Personal name Hows D.
9 (RLIN) 200145
245 ## - TITLE STATEMENT
Title Definitive Guide To MongoDB
Remainder of title A Complete Guide To Dealing With Big Data Using MongoDB
250 ## - EDITION STATEMENT
Edition statement 2nd ed.
260 ## - PUBLICATION, DISTRIBUTION, ETC. (IMPRINT)
Date of publication, distribution, etc. 2013
Name of publisher, distributor, etc. Springer
300 ## - PHYSICAL DESCRIPTION
Extent 308
365 ## - TRADE PRICE
Currency code Rs.
Price amount 575.00
700 ## - ADDED ENTRY--PERSONAL NAME
Personal name Hows D.; Membrey P.; Plugge E. & Hawkins T.
9 (RLIN) 200146
906 ## - LOCAL DATA ELEMENT F, LDF (RLIN)
d O:0558303-Jul-2017B:IN9207-Jun-2017
c COMP
b 143.75
Holdings
Withdrawn status Lost status Damaged status Not for loan Home library Current library Date acquired Vendor Budget Code Cost, normal purchase price Bill number Total Checkouts Full call number Barcode Date last seen Discount Cost, replacement price Bill Date Koha item type Original Barcode
        Cummins College of Engineering for Women Pune Cummins College of Engineering for Women Pune 03/07/2017 Pradeep Book Distributors COMP 431.25 IN92   005.7565 CCEP-BK-56078 18/07/2023 143.75 575.00 07/06/2017 Books 056078